00478 2200193 4500001002100000005001500021008004100036020001600077035002500093041000800118082000800126090000800134100002300142245003500165250001600200260003700216300002100253650001000274INLIS00000000000313920130515133232 ind  a979-56-0032 a0010-051300000003139 aind aFik aFik aNurfahmi El, Sha'b aLelaki Paling Romantis Sedunia aCetakan : 1 aJakartabGema Insani Pressc2005 a162 hlm. ;18 cm. aFiksi